Munera Pulveris (Record no. 164203)

MARC details
000 -LEADER
campo de control de longitud fija 00658nam a22001935i 4500
001 - NÚMERO DE CONTROL
campo de control 164203
003 - IDENTIFICADOR DE NÚMERO DE CONTROL
campo de control ES-MaACL
005 - FECHA Y HORA DE LA ÚLTIMA TRANSACCIÓN
campo de control 20250721062641.0
008 - DATOS DE LONGITUD FIJA--INFORMACIÓN GENERAL
campo de control de longitud fija 050727s1898 xxk | |||||||| ||eng d
040 ## - FUENTE DE CATALOGACIÓN
Centro catalogador/agencia de origen CAM
Lengua de catalogación spa
Centro/agencia transcriptor CAM
100 0# - ENTRADA PRINCIPAL--NOMBRE DE PERSONA
Nombre de persona Ruskin, John,
Fechas asociadas al nombre 1819-1900
9 (RLIN) 101026
245 10 - MENCIÓN DEL TÍTULO
Título Munera Pulveris
Resto del título : six essays on the elements of political economy /
Mención de responsabilidad, etc. by John Ruskin.
250 ## - MENCION DE EDICION
Mención de edición 3th small ed.
260 ## - PUBLICACIÓN, DISTRIBUCIÓN, ETC.
Lugar de publicación, distribución, etc. London :
Nombre del editor, distribuidor, etc. George Allen,
Fecha de publicación, distribución, etc. 1898 (
Fabricante printed by Ballantyne, Hanson & Co.)
300 ## - DESCRIPCIÓN FÍSICA
Extensión XXXII, 240 p. ;
Dimensiones 20 cm.
650 07 - PUNTO DE ACCESO ADICIONAL DE MATERIA--TÉRMINO DE MATERIA
Término de materia o nombre geográfico como elemento de entrada Economía
Fuente del encabezamiento o término embne
9 (RLIN) 12006
852 ## - LOCALIZACIÓN
Ubicación ES-MaACL
Número de control de estantería G-10929
Nota libre -- Enc. tela
Holdings
Estatus retirado Estado de pérdida Estado de daño No para préstamo Colección Biblioteca de origen Biblioteca actual Ubicación en estantería Fecha de adquisición Fuente de adquisición Total de préstamos Signatura topográfica completa Código de barras Visto por última vez Precio de reemplazo Tipo de ítem Koha
        Libros del s. XIX Biblioteca del Ateneo de Madrid Biblioteca del Ateneo de Madrid Sala Pecera Planta 3 17/01/2008     G-10929 1172099 23/02/2023 23/02/2023 Libro impreso antiguo